000 00651nam a22001935i 4500
001 68645
003 ES-MaACL
005 20251015063103.0
007 t|
008 960813s1856 fr a ||||1| fre d
040 _aCAM
_bspa
_cCAM
100 1 _aGay de Vernon, Jean-Louis-Camille,
_cBaron,
_d1796-1863
_956118
245 1 0 _aVie du maréchal Gouvion Saint-Cyr /
_cpar le Baron Gay de Vernon.
260 _aParis :
_bFirmin Didot frères, fils et Cie.,
_c1856.
300 _aXII, 548 p., [1] h. de lám. ;
_c23 cm.
600 1 7 _aGouvion Saint-Cyr, Laurent de,
_d1764-1830
_2
_9154049
852 _aES-MaACL
_jF-185
999 _c68645
_d68645